Time remaining /

Bibliographic Details
Main Author: McCourt, James, 1941- (Author)
Format: Book
Language:English
Published: New York : Alfred A. Knopf, 1993.
Edition:First edition.
Subjects:

MARC

Tag First Indicator Second Indicator Subfields
LEADER 00000cam a2200000 a 4500
001 in00001153621
005 20201020104751.0
008 920923s1993 nyu 000 j eng
010 |a  92054798  
035 |a (OCoLC)ocm27035250 
035 |9 AGD4569AM 
040 |a DLC  |b eng  |c DLC  |d OCJ  |d JBO  |d BAKER  |d BTCTA  |d YDXCP  |d OCLCF  |d OCLCO  |d OCLCQ  |d OCLCO  |d TXA 
020 |a 0679412662 
020 |a 9780679412663 
035 |a (OCoLC)27035250 
043 |a n-us-ny 
050 0 0 |a PS3563.C3448  |b T55 1993 
082 0 0 |a 813/.54  |2 20 
090 |a PS3563.A266  |b A6 1993 
049 |a TXAM 
100 1 |a McCourt, James,  |d 1941-  |e author. 
240 1 0 |a Short stories.  |k Selections 
245 1 0 |a Time remaining /  |c James McCourt. 
250 |a First edition. 
264 1 |a New York :  |b Alfred A. Knopf,  |c 1993. 
264 2 |a New York :  |b Distributed by Random House, 
300 |a 273 pages ;  |c 22 cm 
336 |a text  |b txt  |2 rdacontent 
337 |a unmediated  |b n  |2 rdamedia 
338 |a volume  |b nc  |2 rdacarrier 
505 0 |a I go back to the Mais Oui -- Time remaining (A chance to talk). 
500 |a The Cushing Library/Women & Gender Studies copy was acquired as part of The Don Kelly Research Collection of Gay Literature and Culture.  |5 TXA 
500 |a The Cushing Library/Women & Gender Studies copy is inscribed by the author. 
650 0 |a Gay men  |v Fiction. 
651 0 |a New York (N.Y.)  |v Fiction. 
650 7 |a Gay men.  |2 fast  |0 (OCoLC)fst00939117 
651 7 |a New York (State)  |z New York.  |2 fast  |0 (OCoLC)fst01204333 
655 7 |a Fiction.  |2 fast  |0 (OCoLC)fst01423787 
655 7 |a Gay fiction.  |2 lcgft 
776 0 8 |i Online version:  |a McCourt, James, 1941-  |t Time remaining.  |b 1st ed.  |d New York : Knopf : Distributed by Random House, 1993  |w (OCoLC)610380174 
994 |a C0  |b TXA 
948 |a cataloged  |b h  |c 2020/10/20  |d c  |e nbehmer  |f 10:45:50 am 
999 f f |s 9156d694-06b2-3521-8c68-fa88d387d873  |i 98d79674-6c6d-3662-9d4f-74235f020264  |t 0 
952 f f |p normal  |a Texas A&M University  |b College Station  |c Sterling C. Evans Library  |s Evans stk  |d Evans: Library Stacks  |t 0  |e PS3563.C3448 T55 1993  |h Library of Congress classification  |i unmediated -- volume  |m A14817742301 
998 f f |a PS3563.C3448 T55 1993  |t 0  |l Evans: Library Stacks